| 000 | 01878nam0a2200313 4500 | ||
|---|---|---|---|
| 001 | RU\NLR\BIBL_A\022625979 | ||
| 005 | 20251222113316.0 | ||
| 010 |
_a978-5-7995-1411-2 _970 |
||
| 021 |
_aRU _bКН-П-25-045720 _9КН-П-25-4439 |
||
| 035 | _a(NLR Aleph) 022625979 | ||
| 090 |
_a13509489 _c13509489 |
||
| 100 | _a20250919d2025 u y0rusy50 ca | ||
| 101 | 0 | _arus | |
| 102 | _aRU | ||
| 105 | _aa j 000yy | ||
| 181 | 0 |
_ai3 _baxxe |
|
| 182 | 0 | _an | |
| 200 | 1 |
_aСовременные эталоны Международной системы единиц измерений физических величин _eучебное пособие _fН. И. Иванова _gМинобрнауки России, Федеральное государственное бюджетное образовательное учреждение высшего образования "Тверской государственный технический университет" (ТвГТУ) |
|
| 203 |
_aТекст _bвизуальный _cнепосредственный |
||
| 210 |
_aТверь _cРедакционно-издательский центр Тверского государственного технического университета _d2025 |
||
| 215 |
_a80 с. _cил., табл. _d21 |
||
| 320 | _aБиблиогр.: с. 78-79 (25 назв.) | ||
| 606 | 1 |
_aФизические измерения _jУчебные издания для высших учебных заведений _xМетрологическое обеспечение _92129302 _3RU\NLR\AUTH\661588771 |
|
| 686 | 1 | _aВ3с.я73-1 | |
| 700 | 1 |
_aИванова _bН. И. _cканд. техн. наук, метрология _gНаталья Игоревна _9247904 _3RU\NLR\AUTH\770247960 |
|
| 942 | _cBOOK | ||
| 980 | _aNB | ||